00692nam a2200229 a 450000100060000000300080000600500170001400800410003102000150007203500190008704000350010604100080014108200290014910000320017824500620021025000110027226000370028330000310032050000230035150400460037465000420042035497BD-RjUL20211209052331.0140526s1978 enka 001 0 eng d a0852642520 a(BD-RjUL)35591 cBD-RjULdBD-RjULaBD-RjULbeng aeng a615.19018218bFIS 19781 aFinney, D. J.q(David John)10aStatistical method in biological assay /cDavid J. Finney a3rd ed aLondon :bCharles Griffin,c1978 axii, 508 p :bill ;c25 cm aPrevious ed.: 1964 aBibliography: p.449-463. - Includes index 0aBiological assayxStatistical methods